000 01169nam a2200253 i 4500
001 42415
003 ES-MaACL
005 20230906160615.0
007 t|
008 030320s1923 sp ao |||| | spa d
110 2 _aCompañía Trasatlántica Española.
_93125
245 1 0 _aLibro de información, 1923 :
_btarifas e itinerarios . Bosquejo histórico de la Marina española [por Francisco Condeminas Mascaró] . Relación de industrias españolas.
246 3 _aBosquejo histórico de la Marina Española
246 3 _aRelación de industrias españolas
260 _aBarcelona :
_b[Apolo],
_c1923.
300 _a226, CL p. :
_bil., fot. ;
_c18 x 25 cm.
594 _aPrecede al tít.: Compañía Trasatlántica (antes A. López y C.ª)
597 _aLa obra de F. Condeminas con port. y paginación propia.
597 _aLa "Relación de industrias españolas" contiene numerosos anuncios il. a color, acompañados de un Índice general de industria y comercio.
650 4 _aTransportes marítimos-
_zEspaña.
_9141606
651 4 _aEspaña-
_xHistoria naval.
_98375
700 1 _aCondeminas, Francisco.
_940137
852 _aES-MaACL
_jF-6936
_z- Enc. cart.
999 _c42415
_d42415